| 000 | 00498cam a2200193 4500 | ||
|---|---|---|---|
| 001 | D6275 | ||
| 008 | 090401t1977 xxu||||| |||| 00| 0 eng d | ||
| 035 | _a(Sirsi) u93993 | ||
| 041 | _aeng | ||
| 050 | _a692.3 | ||
| 100 | _aJordan, Peter | ||
| 245 | 4 | _aThe format of bills of quantities: a discussion paper | |
| 260 |
_aLondon _bStandard Method of Measurement Developme _c1977 |
||
| 300 | _a6 leaves. 30cm | ||
| 350 | _a0 | ||
| 520 | _aFiled at SMMDU/14 | ||
| 942 | _n0 | ||
| 948 | _c04/03/1997 | ||
| 999 |
_c97875 _d97875 |
||